[Event "Warsaw Chess Open 2022 - A"]
[Site "Warsaw"]
[Date "1899-12-30"]
[Round "1.28"]
[White "Khamidov, Abdulla"]
[Black "Czernek, Tymon"]
[Result "0-1"]
[WhiteTitle ""]
[BlackTitle "FM"]
[WhiteElo "1834"]
[BlackElo "2188"]

1. e4 c5 2. Nf3 d6 3. d4 cxd4 4. Nxd4 Nf6 5. Nc3 a6 6. h3 e5 7. Nde2 b5 8. a3 Bb7
9. Bg5 Be7 10. Bxf6 Bxf6 11. Nd5 Nd7 12. Nec3 O-O 13. Be2 Bg5 14. O-O Nc5 15.
b4 Ne6 16. a4 bxa4 17. Rxa4 Nd4 18. Bd3 Kh8 19. Ne2 Ne6 20. Qa1 Bxd5 21. exd5
Nc7 22. Qa2 Qc8 23. Ra1 Qb7 24. Bxa6 Nxa6 25. Rxa6 Rxa6 26. Qxa6 Qxb4 27. Qc6
g6 28. Nc3 Qb2 29. Re1 Bd2 30. Qxd6 Kg8 31. Nd1 Qxc2 32. Rf1 Qe4 33. Nb2 Bc3 34.
Nd1 Bd4 35. Qd7 Kg7 36. d6 Bc5 37. Nc3 Qd3 38. Nb5 Rb8 39. Nc7 Rb1 40. Ne8+ Kh6
41. Qxf7 Qxf1+ 42. Kh2 Qg1+ 43. Kg3 Bxf2+ 44. Kf3 Qd1+ 45. Ke4 Qd4+ 46. Kf3 Qe3+
47. Kg4 Qg3# 0-1

[Event "Warsaw Chess Open 2022 - A"]
[Site "Warsaw"]
[Date "1899-12-30"]
[Round "1.29"]
[White "Tytynnik, Artem"]
[Black "Rejniak, Zuzanna"]
[Result "1-0"]
[WhiteTitle "FM"]
[BlackTitle "k"]
[WhiteElo "2186"]
[BlackElo "1813"]

1. d4 Nf6 2. c4 g6 3. g3 c5 4. d5 d6 5. Bg2 Bg7 6. Nc3 O-O 7. Nf3 e6 8. O-O exd5
9. cxd5 a6 10. a4 b6 11. Nd2 Nbd7 12. Nc4 Ne5 13. Nxe5 dxe5 14. h3 Ne8 15. Rb1
Nd6 16. b4 cxb4 17. Rxb4 b5 18. axb5 axb5 19. Be3 Ba6 20. Qb3 Qc7 21. Rc1 Rfc8
22. Nxb5 Qxc1+ 23. Bxc1 Rxc1+ 24. Kh2 Bxb5 25. Rxb5 Nxb5 26. Qxb5 Rd8 27. Qb7
Rc2 28. Qe7 Rcc8 29. h4 Re8 30. Qg5 Rcd8 31. e4 Rd6 32. Bh3 Rf6 33. Kg2 Rb8 34.
Qd2 Rd6 35. Qc3 Rbd8 36. h5 g5 37. Bf5 h6 38. Qc7 Bf6 39. Kh3 Bg7 40. Kg4 Bf6
41. Bc8 Bg7 42. Be6 fxe6 43. dxe6 Rxe6 44. Qxd8+ Kh7 45. Kf3 Rf6+ 46. Ke3 Ra6
47. Qe7 Rb6 48. Kd3 Rf6 49. Qa7 Rd6+ 50. Kc3 Rd4 51. Qb6 Kh8 52. Qg6 Kg8 53. f4
exf4 54. e5 Rd1 55. gxf4 gxf4 56. Kc2 Re1 57. e6 f3 58. Qf7+ Kh7 59. e7 f2 60.
Qg6+ 1-0

[Event "Warsaw Chess Open 2022 - A"]
[Site "Warsaw"]
[Date "1899-12-30"]
[Round "1.30"]
[White "Bogusz, Alan"]
[Black "Krawczyk, Flawian"]
[Result "0-1"]
[WhiteTitle "I"]
[BlackTitle "I++"]
[WhiteElo "1794"]
[BlackElo "2162"]

1. e4 c5 2. Nf3 d6 3. d4 cxd4 4. Nxd4 Nf6 5. Nc3 a6 6. Be3 e5 7. Nb3 Be6 8. f3
h5 9. Qd2 Nbd7 10. g3 Rc8 11. Rg1 Be7 12. h3 b5 13. O-O-O Nb6 14. Bxb6 Qxb6 15.
Bg2 b4 16. Nd5 Nxd5 17. exd5 Bf5 18. Na1 O-O 19. h4 Rc5 20. Rgf1 Rfc8 21. Qf2
Bxc2 22. Nxc2 b3 23. axb3 Qxb3 24. Rd2 Qa2 25. Kd1 Rxc2 26. Qe3 Qxb2 0-1

[Event "Warsaw Chess Open 2022 - A"]
[Site "Warsaw"]
[Date "1899-12-30"]
[Round "1.31"]
[White "Shamatava, Nikolozi"]
[Black "Szczurek, Krzysztof"]
[Result "0-1"]
[WhiteTitle ""]
[BlackTitle "FM"]
[WhiteElo "1783"]
[BlackElo "2151"]

1. d4 Nf6 2. c4 g6 3. g3 c6 4. Bg2 d5 5. Qa4 Bg7 6. cxd5 Nxd5 7. e3 Nd7 8. Ne2
N7b6 9. Qc2 e5 10. e4 Nb4 11. Qd2 Qe7 12. a3 Na6 13. dxe5 Bxe5 14. Qc2 Be6 15.
Be3 Nc4 16. Bd4 O-O-O 17. Bxe5 Nxe5 18. O-O g5 19. b4 Kb8 20. Qc3 Bc4 21. Qc2
Bd3 22. Qa2 h5 23. Nbc3 h4 24. Rad1 Qf6 25. f4 Ng4 26. Rf3 hxg3 27. hxg3 Bxe2
28. Qxe2 Rdg8 29. e5 Qh6 30. f5 Re8 31. Re3 Nxe3 32. Qxe3 g4 33. Qe2 Qh2+ 34.
Kf2 Qh5 35. Qe4 Rd8 36. b5 Nc5 37. Qc2 Nd3+ 38. Rxd3 Qxf5+ 39. Ke3 Qxe5+ 40. Ne4
f5 41. Rxd8+ Rxd8 42. Qc3 Qc7 43. bxc6 fxe4 44. Kxe4 Qxc6+ 45. Qxc6 bxc6 46. Kf5
c5 47. Kxg4 Rd4+ 48. Kf5 c4 49. Be4 c3 50. g4 Rxe4 0-1

[Event "Warsaw Chess Open 2022 - A"]
[Site "Warsaw"]
[Date "1899-12-30"]
[Round "1.32"]
[White "Zysko, Jan"]
[Black "Szczotka, Klara"]
[Result "1/2-1/2"]
[WhiteTitle "k"]
[BlackTitle "k+"]
[WhiteElo "2138"]
[BlackElo "1760"]

1. e4 c6 2. d4 d5 3. Nc3 dxe4 4. Nxe4 Nd7 5. Ng5 Ngf6 6. Bd3 e6 7. N1f3 Bd6 8.
Qe2 h6 9. Ne4 Nxe4 10. Qxe4 Qc7 11. O-O b6 12. Re1 Bb7 13. Ne5 Bxe5 14. dxe5 c5
15. Qe2 O-O-O 16. a4 Nb8 17. a5 Nc6 18. axb6 axb6 19. Bf4 Nd4 20. Qe3 g5 21. Bg3
h5 22. h4 gxh4 23. Bxh4 Rdg8 24. Bg5 h4 25. Be4 h3 26. f4 hxg2 27. Ra7 Nc6 28.
Raa1 Kb8 29. c3 Na5 30. Bxg2 Bxg2 31. Kxg2 Qb7+ 32. Qe4 Rh5 33. Qxb7+ Kxb7 34.
Red1 Rgxg5+ 35. fxg5 Rxg5+ 36. Kf3 Rf5+ 37. Kg3 Nc4 38. Rd7+ Kc6 39. Raa7 Nxe5
40. Re7 Rf3+ 41. Kg2 Rd3 42. Kf1 Kb5 43. Ke2 Rh3 44. Kd1 Nc6 45. Rxf7 Nxa7 46.
Rxa7 Kc4 47. Re7 Rh1+ 48. Kc2 Rh2+ 49. Kc1 Re2 50. Rb7 b5 51. Rc7 e5 52. b3+ Kxc3
53. Rxc5+ Kxb3 1/2-1/2

[Event "Warsaw Chess Open 2022 - A"]
[Site "Warsaw"]
[Date "1899-12-30"]
[Round "1.33"]
[White "Siekanska, Zuzanna"]
[Black "Dubnevych, Maksym"]
[Result "1/2-1/2"]
[WhiteTitle "I++"]
[BlackTitle ""]
[WhiteElo "1712"]
[BlackElo "2131"]

1. d4 d5 2. c4 e6 3. Nc3 c5 4. cxd5 cxd4 5. Qa4+ Bd7 6. Qxd4 exd5 7. Nf3 Nc6 8.
Qd1 Nf6 9. g3 Bg4 10. h3 Bxf3 11. exf3 Qe7+ 12. Ne2 Qe5 13. Bd2 d4 14. Qb3 O-O-O
15. O-O-O Qd5 16. Qxd5 Nxd5 17. Nf4 Bb4 18. Nxd5 Bxd2+ 19. Kxd2 Rxd5 20. Bc4 Rf5
21. f4 g5 22. Rhe1 gxf4 23. g4 Rf6 24. Re4 Kc7 25. Bb5 Rd8 26. Rc1 Kb6 27. Bxc6
bxc6 28. Rc4 c5 1/2-1/2

[Event "Warsaw Chess Open 2022 - A"]
[Site "Warsaw"]
[Date "1899-12-30"]
[Round "1.34"]
[White "Dalkowski, Rafal"]
[Black "Yasmo, Daniil"]
[Result "1/2-1/2"]
[WhiteTitle "k"]
[BlackTitle ""]
[WhiteElo "2120"]
[BlackElo "1680"]

1. d4 Nf6 2. c4 g6 3. Nc3 Bg7 4. e4 d6 5. f3 O-O 6. Nge2 c5 7. d5 e6 8. Ng3 exd5
9. cxd5 a6 10. a4 Nbd7 11. Be2 Ne8 12. Be3 h5 13. O-O h4 14. Nh1 f5 15. exf5 gxf5
16. Qd2 Qf6 17. f4 Nc7 18. Nf2 Rb8 19. Nh3 b5 20. axb5 axb5 21. Ra7 b4 22. Rxc7
bxc3 23. bxc3 Qxc3 24. Qxc3 Bxc3 25. Bf2 Bf6 26. Ng5 Rb2 27. Ne6 Rxe2 28. Nxf8
Nb6 29. Ng6 Bd8 30. Rc6 Bd7 31. Rxd6 Bc7 32. Bxc5 Bxd6 33. Bxd6 h3 34. gxh3 Nxd5
35. Ne5 Be6 36. Rf3 Kh7 37. Kf1 Rxh2 38. Bf8 Kg8 39. Bc5 Rc2 40. Bd4 Kh7 41. Nd3
Rc4 42. Be5 Nb4 43. Ne1 Nc2 44. Ng2 Rc8 45. Rg3 Rg8 46. Rc3 Rc8 47. Rg3 Rg8 48.
Rg5 Kh6 49. h4 Bd5 50. Kf2 Rg6 51. Bc3 Bxg2 52. Kxg2 Ne3+ 53. Kf3 Nd5 54. Be5
Rxg5 55. hxg5+ Kg6 56. Ke2 Nb4 57. Ke3 Nc6 58. Bf6 Nb4 59. Kd4 Nc2+ 60. Kd3 Nb4+
61. Kc4 Nc2 62. Bc3 Ne3+ 63. Kd4 Nc2+ 64. Kd3 Na3 65. Be5 Kf7 66. Kc3 Nb1+ 67.
Kc2 Na3+ 68. Kb3 Nb5 69. Kb4 Na7 70. Kc5 Ke6 71. g6 Nc8 72. g7 Ne7 73. Kd4 Ng8
74. Ke3 Kf7 75. Kf3 Kg6 76. Kf2 Kf7 77. Ke3 Ke6 78. Kd4 Ne7 79. Kc5 Ng8 80. Kc6
Nh6 81. Kc7 Ke7 82. Bd6+ Ke6 83. Bf8 Ng8 84. Kd8 Nf6 85. Be7 Ng8 86. Bb4 Kf7 87.
Bc3 Nh6 88. Kd7 Ng8 89. Kd6 Nh6 90. Bd4 Ng8 91. Ke5 Kxg7 92. Kxf5+ Kf7 93. Ke4
1/2-1/2

[Event "Warsaw Chess Open 2022 - A"]
[Site "Warsaw"]
[Date "1899-12-30"]
[Round "2.1"]
[White "Mickiewicz, Piotr"]
[Black "Janik, Igor"]
[Result "0-1"]
[WhiteTitle "m"]
[BlackTitle "GM"]
[WhiteElo "2284"]
[BlackElo "2519"]

1. e4 c6 2. d4 d5 3. Nc3 dxe4 4. Nxe4 Bf5 5. Ng3 Bg6 6. h4 h6 7. Nf3 e6 8. Ne5
Bh7 9. Bd3 Bxd3 10. Qxd3 Nd7 11. Qe2 Ngf6 12. Bd2 c5 13. Nf5 cxd4 14. Ng6 Rh7
15. Rh3 Bc5 16. h5 Qb6 17. O-O-O Qa6 18. Qxa6 bxa6 19. Re1 O-O-O 20. Nge7+ Kb7
21. Rb3+ Nb6 22. a4 Rd7 23. a5 Bxe7 24. Nxe7 Rxe7 25. Bb4 Rc7 26. Bd6 Rc4 27.
Be5 Nfd7 28. axb6 axb6 29. g4 f6 30. Bd6 Kc6 31. Ba3 e5 32. f4 Rh8 33. Rf3 Kd5
34. b3 Rc7 35. c4+ Kc6 36. fxe5 Nxe5 37. Rg3 b5 38. Re4 Rd8 39. Bb2 bxc4 40. bxc4
Kc5 41. Ra3 Nxc4 0-1

[Event "Warsaw Chess Open 2022 - A"]
[Site "Warsaw"]
[Date "1899-12-30"]
[Round "2.2"]
[White "Jarmula, Lukasz"]
[Black "Chyzy, Jakub"]
[Result "1-0"]
[WhiteTitle "GM"]
[BlackTitle "FM"]
[WhiteElo "2452"]
[BlackElo "2230"]

1. d4 Nf6 2. Bf4 d5 3. e3 e6 4. Nf3 c5 5. Nbd2 Nc6 6. c3 Bd6 7. Bg3 O-O 8. Bd3
b6 9. e4 dxe4 10. Nxe4 Nxe4 11. Bxe4 Bb7 12. dxc5 Bxc5 13. Qa4 Na5 14. Rd1 Qf6
15. Bh4 Qh6 16. Bg5 Qh5 17. g4 Qh3 18. Ng1 b5 19. Qxa5 Qxg4 20. Bxb7 Rab8 21.
Be3 Rxb7 22. Bxc5 Qe4+ 23. Kf1 Qc4+ 24. Ne2 Qxc5 25. Qb4 1-0

[Event "Warsaw Chess Open 2022 - A"]
[Site "Warsaw"]
[Date "1899-12-30"]
[Round "2.3"]
[White "Yezhel, Valiantsin"]
[Black "Pacan-milej, Kosma"]
[Result "1/2-1/2"]
[WhiteTitle ""]
[BlackTitle "FM"]
[WhiteElo "2248"]
[BlackElo "2412"]

1. d4 Nf6 2. c4 g6 3. Nc3 Bg7 4. e4 O-O 5. Be3 d6 6. h3 Nbd7 7. Nf3 e5 8. d5 Nc5
9. Nd2 a5 10. Be2 Bd7 11. g4 c6 12. g5 Ne8 13. Nb3 b6 14. h4 Nc7 15. h5 cxd5 16.
cxd5 a4 17. Nc1 b5 18. a3 Rb8 19. b4 axb3 20. Nxb3 N7a6 21. Rb1 Qc7 22. Nxc5 Nxc5
23. Qd2 gxh5 24. Rxh5 f5 25. gxf6 Rxf6 26. f3 Rg6 27. Nxb5 Bxb5 28. Rxb5 Rxb5
29. Bxb5 Nb3 30. Qd3 Nd4 31. Bxd4 exd4 32. Qc4 Qa5+ 33. Qb4 Qc7 34. Qc4 Qa5+ 35.
Qb4 Qc7 36. Qc4 Qa5+ 1/2-1/2

[Event "Warsaw Chess Open 2022 - A"]
[Site "Warsaw"]
[Date "1899-12-30"]
[Round "2.4"]
[White "Psyk, Radoslaw"]
[Black "Padalka, Artem"]
[Result "1-0"]
[WhiteTitle "k++"]
[BlackTitle ""]
[WhiteElo "2411"]
[BlackElo "2204"]

1. e4 c5 2. Nf3 d6 3. c3 Nf6 4. h3 g6 5. Bd3 Bg7 6. Bc2 e5 7. O-O O-O 8. d4 exd4
9. cxd4 cxd4 10. Nxd4 d5 11. e5 Ne4 12. f4 f6 13. exf6 Qxf6 14. Be3 Nc6 15. Nxc6
bxc6 16. Bxe4 dxe4 17. Nc3 Ba6 18. Rf2 Bd3 19. Qa4 Rfe8 20. Re1 a6 21. Bc5 Rad8
22. Nd1 Rd5 23. b4 Re6 24. Ne3 Qc3 25. Qd1 Rxc5 26. bxc5 Bd4 27. f5 gxf5 28. Rxf5
Bxc5 29. Kh1 Bd4 30. Qg4+ Rg6 31. Qh4 Bf6 32. Qf2 Qd4 33. Qf4 Qb4 34. Rd1 Qe7
35. Ng4 Bg5 36. Qb8+ Qd8 37. Qxd8+ Bxd8 38. Nf2 Rg3 39. Nxd3 Rxd3 40. Re1 e3 41.
Re5 Bb6 42. Re6 Rc3 43. Re7 Bc5 44. Re6 Bd4 45. Re2 Kf7 46. Re4 c5 47. g4 Rd3
48. Kg2 c4 49. Kf3 c3 50. Rc2 Bb6 51. Ke2 Rd6 52. Rc4 Rh6 53. R4xc3 Rxh3 54. Rc6
Ba5 55. Kd3 Rg3 56. Rxa6 Bd8 57. Rc4 Rh3 58. Rf4+ Kg7 59. Rd4 Be7 60. Rd7 Kf8
61. Ra8+ Kf7 62. Raa7 1-0

[Event "Warsaw Chess Open 2022 - A"]
[Site "Warsaw"]
[Date "1899-12-30"]
[Round "2.5"]
[White "Rozycki, Bartlomiej"]
[Black "Nguyen, Piotr"]
[Result "0-1"]
[WhiteTitle "k++"]
[BlackTitle "IM"]
[WhiteElo "2210"]
[BlackElo "2404"]

1. d4 d6 2. c4 g6 3. Nc3 Bg7 4. e4 c5 5. d5 e5 6. dxe6 Bxe6 7. Bf4 Qa5 8. Qa4+
Qxa4 9. Nxa4 Nc6 10. O-O-O Nf6 11. f3 O-O-O 12. Bxd6 Bh6+ 13. Kc2 b6 14. Be2 Rd7
15. Bg3 Nd4+ 16. Kb1 Rhd8 17. Nc3 Nxe2 18. Ngxe2 Bxc4 19. Rxd7 Rxd7 20. Bf4 Bg7
21. Nc1 Ne8 22. Kc2 Nc7 23. Rd1 Ne6 24. Rxd7 Kxd7 25. Be3 Bf1 26. g3 Bg2 27. f4
Bxc3 28. Kxc3 Bxe4 29. b4 cxb4+ 30. Kxb4 Nc7 31. Kc4 Ke6 32. Kd4 Bg2 33. Ne2 Kf5
34. Bd2 Kg4 35. Ng1 f6 36. Bb4 h5 37. Be7 Nd5 38. Bd6 h4 39. h3+ Kxg3 40. f5+
Kf2 41. fxg6 Ne3 42. Kd3 Nf5 43. Bh2 Ng7 44. Kd2 Bf1 45. a3 Nh5 0-1

[Event "Warsaw Chess Open 2022 - A"]
[Site "Warsaw"]
[Date "1899-12-30"]
[Round "2.6"]
[White "Antolak, Julia"]
[Black "Ciechanski, Jacenty"]
[Result "1-0"]
[WhiteTitle "WGM"]
[BlackTitle "CM"]
[WhiteElo "2399"]
[BlackElo "2192"]

1. e4 c5 2. Nf3 d6 3. d4 cxd4 4. Nxd4 Nf6 5. Nc3 a6 6. Bg5 e6 7. f4 Qb6 8. Nb3
h6 9. Bh4 Nbd7 10. Qf3 Qc7 11. O-O-O Be7 12. Bf2 Nc5 13. Nxc5 dxc5 14. e5 Nd7
15. Ne4 O-O 16. g4 b5 17. Bg2 Rb8 18. h4 Bb7 19. g5 Bxe4 20. Qxe4 h5 21. g6 f5
22. Qe2 Rfd8 23. Rxd7 1-0

[Event "Warsaw Chess Open 2022 - A"]
[Site "Warsaw"]
[Date "1899-12-30"]
[Round "2.7"]
[White "Sriram, Jha"]
[Black "Tytynnik, Artem"]
[Result "1-0"]
[WhiteTitle "GM"]
[BlackTitle "FM"]
[WhiteElo "2361"]
[BlackElo "2186"]

1. d4 Nf6 2. c4 e6 3. Nc3 Bb4 4. f3 d5 5. a3 Bxc3+ 6. bxc3 b6 7. cxd5 exd5 8. e3
O-O 9. Bd3 c5 10. Ne2 Ba6 11. O-O Bxd3 12. Qxd3 Re8 13. Ng3 Nc6 14. Bb2 Rc8 15.
Rad1 Na5 16. e4 Qc7 17. e5 Nd7 18. Nf5 cxd4 19. cxd4 Qc2 20. Nd6 Qxb2 21. Qf5
Rf8 22. Nxc8 Rxc8 23. Qxd7 Qc3 24. Qxd5 Nb3 25. Rfe1 h6 26. e6 fxe6 27. Qxe6+
Kh8 28. Re3 1-0

[Event "Warsaw Chess Open 2022 - A"]
[Site "Warsaw"]
[Date "1899-12-30"]
[Round "2.8"]
[White "Czernek, Tymon"]
[Black "Rudolf, Michal"]
[Result "1/2-1/2"]
[WhiteTitle "FM"]
[BlackTitle "FM"]
[WhiteElo "2188"]
[BlackElo "2361"]

1. e4 c5 2. Nf3 d6 3. d4 cxd4 4. Nxd4 Nf6 5. Nc3 a6 6. Bc4 e6 7. O-O b5 8. Bb3
Be7 9. Qf3 Qb6 10. Be3 Qb7 11. Qg3 Nbd7 12. f3 b4 13. Na4 O-O 14. Rac1 Ne5 15.
Nb6 Rb8 16. Nxc8 Qxc8 17. c3 Nd3 18. Rc2 Qd7 19. Rd1 Nc5 20. cxb4 Nxb3 21. Nc6
Rbc8 22. Nxe7+ Qxe7 23. Rxc8 Rxc8 24. axb3 d5 25. Bc5 Qb7 26. Bd4 Ne8 27. Bc3
dxe4 28. fxe4 Qxe4 29. h3 f6 30. Ra1 Rd8 31. Qf2 Qc6 32. Bd4 Rd5 33. Bc5 Rf5 34.
Qe2 Nc7 35. Be3 Qe4 36. Qd2 Nd5 37. Bc5 Rg5 38. Rf1 Rg3 39. Rf2 Rxb3 40. Re2 Qb1+
41. Re1 Qxb2 42. Qxb2 Rxb2 43. Rxe6 Rxg2+ 44. Kh1 Rb2 45. Rxa6 Nxb4 46. Ra8+ Kf7
47. Ra7+ Kg6 48. Bf8 h5 49. Rxg7+ Kf5 50. Rb7 Nd3 51. Rxb2 Nxb2 52. Kg2 Nd3 53.
Kg3 Nf4 54. Bd6 Ng6 55. Kf3 Ne5+ 56. Kg3 Nf7 57. Be7 Kg5 58. Kf3 Ne5+ 59. Ke4
Nc6 60. Ba3 f5+ 61. Ke3 Kf6 62. Kf4 Nd8 63. Be7+ Kxe7 64. Kxf5 Ne6 65. Kg6 Nf4+
66. Kg5 Nxh3+ 67. Kxh5 1/2-1/2

[Event "Warsaw Chess Open 2022 - A"]
[Site "Warsaw"]
[Date "1899-12-30"]
[Round "2.9"]
[White "Sarkar, Justin"]
[Black "Podgorski, Maciej"]
[Result "1-0"]
[WhiteTitle "IM"]
[BlackTitle "I++"]
[WhiteElo "2346"]
[BlackElo "1967"]

1. d4 Nf6 2. c4 e6 3. Nc3 Bb4 4. Qc2 d5 5. a3 Bxc3+ 6. Qxc3 O-O 7. e3 dxc4 8. Bxc4
b6 9. Ne2 Bb7 10. O-O Nbd7 11. f3 c5 12. dxc5 Rc8 13. b4 bxc5 14. b5 Nb6 15. e4
Nxc4 16. Qxc4 Qa5 17. Bb2 Qd2 18. Bc1 Qa5 19. Bb2 Qd2 20. Bxf6 gxf6 21. Rfd1 Qe3+
22. Kf1 Rfd8 23. a4 h5 24. a5 Kh7 25. a6 Ba8 26. Qc3 Qg5 27. h4 Qxh4 28. Rxd8
Rxd8 29. Qxc5 f5 30. Qxa7 fxe4 31. Qxf7+ Kh8 32. Nf4 Rg8 33. Qxh5+ Qxh5 34. Nxh5
exf3 35. b6 Bc6 36. b7 Rf8 37. Rb1 fxg2+ 38. Kg1 Rd8 39. b8=Q Rxb8 40. Rxb8+ Kh7
41. Rb6 Bd5 42. Nf6+ Kg6 43. Nxd5 1-0

[Event "Warsaw Chess Open 2022 - A"]
[Site "Warsaw"]
[Date "1899-12-30"]
[Round "2.10"]
[White "Krawczyk, Flawian"]
[Black "Poltorak, Sebastian"]
[Result "1/2-1/2"]
[WhiteTitle "I++"]
[BlackTitle "FM"]
[WhiteElo "2162"]
[BlackElo "2322"]

1. e4 c6 2. d4 d5 3. Nc3 dxe4 4. Nxe4 Nf6 5. Nxf6+ gxf6 6. c3 Qd5 7. h3 Bf5 8.
Nf3 Nd7 9. Be3 Nb6 10. b3 e6 11. a4 a5 12. Nd2 h5 13. c4 Qd7 14. Be2 h4 15. Bf3
Qc7 16. Qc1 Rd8 17. O-O Bg7 18. Qc3 Nc8 19. c5 Ne7 20. Nc4 Ra8 21. Nd6+ Kf8 22.
b4 axb4 23. Qxb4 Bd3 24. Rfd1 Ba6 25. Rdb1 Rb8 26. Qb6 Qxb6 27. Rxb6 Nc8 28. Nxc8
Rxc8 29. Ra2 Bh6 30. Be2 Bxe2 31. Rxe2 Bxe3 32. fxe3 Ra8 33. Rxb7 Rxa4 34. Rb8+
Kg7 35. Rxh8 Kxh8 36. Kf2 e5 37. Rd2 exd4 38. Rxd4 Ra2+ 39. Kf3 Rc2 40. Rxh4+
Kg7 41. Rh5 Kg6 42. g4 Ra2 43. h4 Rh2 44. Kg3 Re2 45. Kf3 Rh2 46. e4 Rh1 47. Rh8
Rc1 48. g5 Kg7 49. Rh5 f5 50. exf5 Rxc5 51. g6 Rc3+ 52. Ke4 fxg6 53. Rg5 Rc4+
54. Ke5 Rc5+ 55. Ke6 Rxf5 56. Rxf5 gxf5 57. Kxf5 Kh6 58. Ke6 Kh5 59. Kd6 Kxh4
60. Kxc6 1/2-1/2

[Event "Warsaw Chess Open 2022 - A"]
[Site "Warsaw"]
[Date "1899-12-30"]
[Round "2.11"]
[White "Szczurek, Krzysztof"]
[Black "Karolczuk, Iwo"]
[Result "1/2-1/2"]
[WhiteTitle "FM"]
[BlackTitle "FM"]
[WhiteElo "2151"]
[BlackElo "2319"]

1. e4 e5 2. Nf3 Nc6 3. Bc4 Nf6 4. d3 h6 5. c3 d6 6. Bb3 g6 7. h3 Bg7 8. Nbd2 O-O
9. Nf1 d5 10. Qe2 dxe4 11. dxe4 Nh5 12. g3 Na5 13. Bc2 Be6 14. b3 Qd7 15. Ba3
Rfe8 16. h4 f5 17. N1d2 f4 18. Rg1 fxg3 19. fxg3 c5 20. Bd3 Red8 21. Bb5 Qc7 22.
O-O-O a6 23. Bd3 b5 24. c4 Qb6 25. Bb2 Nc6 26. Kb1 Qa5 27. a3 Rab8 28. Rc1 Qb6
29. Qe3 Nd4 30. Nxd4 cxd4 31. Qe2 bxc4 32. Bxc4 Kh8 33. Qd3 Nf6 34. Bxe6 Qxe6
35. Rc5 Bf8 36. Rc7 Rb6 37. Nc4 Rb5 38. Rf1 Rdb8 39. b4 Be7 40. Na5 R5b6 41. Rfc1
Bd8 42. Ra7 Be7 1/2-1/2

[Event "Warsaw Chess Open 2022 - A"]
[Site "Warsaw"]
[Date "1899-12-30"]
[Round "2.12"]
[White "Mulawa, Cyprian"]
[Black "Danielyan, Vahe"]
[Result "0-1"]
[WhiteTitle "I"]
[BlackTitle "IM"]
[WhiteElo "1949"]
[BlackElo "2295"]

1. e4 c5 2. Nf3 e6 3. d4 cxd4 4. Nxd4 Nf6 5. Nc3 Bb4 6. e5 Nd5 7. Qg4 Kf8 8. Bd2
h5 9. Qe4 Nc6 10. f4 Nxc3 11. Nxc6 Be7 12. Bxc3 bxc6 13. Rd1 Rb8 14. Bd3 g6 15.
O-O h4 16. h3 Qc7 17. Qe2 Rg8 18. Kh1 Bb7 19. Be4 c5 20. Bxb7 Qxb7 21. Rd3 Qc6
22. Rfd1 Rb7 23. Be1 Rh8 24. b3 Rh5 25. Re3 Rf5 26. Re4 Kg7 27. c3 Rb8 28. Ra4
Rd8 29. Qg4 Rh8 30. Rxa7 Qe4 31. Ra4 Qb7 32. Qf3 Qc7 33. Re4 d5 34. exd6 Bxd6
35. c4 Rhh5 36. Bc3+ Kh7 37. Rf1 Qc6 38. Bb2 Rhg5 39. Qe2 Rg3 40. Rf3 Bc7 41.
Kg1 Qa8 42. a4 Qb8 43. Qf2 Qb7 44. Qe3 Qa8 45. Bc3 Rxf3 46. Qxf3 Qd8 47. Be1 Kg8
48. Qf2 g5 49. a5 Bxf4 50. Qe2 Qf6 51. Qd3 Qa1 52. Qc3 Qa2 53. Bf2 Be5 54. Qe1
Bc7 55. Rxe6 Bxa5 56. Re8+ Kh7 57. Ra8 Bxe1 58. Rxa2 Bxf2+ 59. Rxf2 Rxf2 60. Kxf2
Kg6 61. Ke3 f5 62. b4 cxb4 63. c5 Kf7 64. Kd4 g4 65. Kd5 b3 0-1

[Event "Warsaw Chess Open 2022 - A"]
[Site "Warsaw"]
[Date "1899-12-30"]
[Round "2.13"]
[White "Dev, Shah"]
[Black "Oniani, Tamar"]
[Result "1-0"]
[WhiteTitle "CM"]
[BlackTitle ""]
[WhiteElo "2292"]
[BlackElo "1663"]

1. d4 d5 2. c4 c6 3. Nf3 Nf6 4. g3 dxc4 5. Bg2 g6 6. O-O Bg7 7. a4 O-O 8. Na3 Be6
9. Ng5 Qc8 10. Nxe6 Qxe6 11. Qc2 Na6 12. Nxc4 Nd5 13. e3 Rab8 14. Rd1 Ndb4 15.
Qb3 Rfd8 16. Bd2 Nd5 17. a5 Ndc7 18. Qc2 c5 19. dxc5 Nxc5 20. Rab1 Nd3 21. Bf1
Ne5 22. Nxe5 Bxe5 23. Bg2 Na6 24. b4 b5 25. Be1 Rdc8 26. Qe2 Bc3 27. Bxc3 Rxc3
28. Qd2 Qc4 29. Bf1 Qc7 30. Qd4 e6 31. h4 Qc8 32. Qxa7 Nc7 33. Rbc1 Nd5 34. Rxc3
Nxc3 35. Rd7 Qf8 36. Rxf7 Qxf7 37. Qxb8+ Kg7 38. Qe5+ 1-0

[Event "Warsaw Chess Open 2022 - A"]
[Site "Warsaw"]
[Date "1899-12-30"]
[Round "2.14"]
[White "Starosta, Martyna"]
[Black "Fus, Jakub"]
[Result "0-1"]
[WhiteTitle "WCM"]
[BlackTitle "FM"]
[WhiteElo "1918"]
[BlackElo "2389"]

1. e4 c6 2. d4 d5 3. e5 Bf5 4. g4 Be4 5. f3 Bg6 6. h4 h5 7. g5 e6 8. Nh3 Ne7 9.
Nf4 Bf5 10. Nc3 c5 11. Nb5 Nec6 12. g6 fxg6 13. Bd3 Kf7 14. Rg1 Rh6 15. Nh3 Bxh3
16. Bxh6 Qxh4+ 17. Kd2 gxh6 18. Bxg6+ Ke7 19. Kc1 Kd7 20. Be8+ Kxe8 21. Nc7+ Kd7
22. Nxa8 Nxd4 23. Rg8 Qf4+ 24. Qd2 Qxf3 25. b3 Nbc6 26. Qd3 Qxd3 27. cxd3 Be7
28. Kb2 Nxe5 29. Rag1 Ndc6 30. R1g7 Bf5 31. Rh8 h4 32. Rxh6 h3 33. Kc3 d4+ 34.
Kd2 Nxd3 35. Ke2 Nc1+ 0-1

[Event "Warsaw Chess Open 2022 - A"]
[Site "Warsaw"]
[Date "1899-12-30"]
[Round "2.15"]
[White "Sieciechowicz, Marcin"]
[Black "Murchadha, Oissine"]
[Result "1-0"]
[WhiteTitle "IM"]
[BlackTitle "I"]
[WhiteElo "2383"]
[BlackElo "1984"]

1. d4 d5 2. c4 e6 3. Nc3 Be7 4. cxd5 exd5 5. Bf4 c6 6. e3 Bf5 7. g4 Be6 8. h3 h5
9. gxh5 Nf6 10. h6 g6 11. Bd3 Bf8 12. Qf3 Nbd7 13. Nge2 Bxh6 14. O-O-O Qe7 15.
Kb1 Bxf4 16. Nxf4 O-O-O 17. Qg3 Ne4 18. Bxe4 dxe4 19. Nfd5 cxd5 20. Rc1 Nc5 21.
Nb5 b6 22. b4 Qd7 23. a4 Kb7 24. dxc5 Rc8 25. c6+ Rxc6 26. Rxc6 Qxc6 27. Rc1 Rxh3
28. Nd6+ Kc7 29. Rxc6+ Kxc6 30. Qf4 Rf3 31. Qe5 Rxf2 32. Nb5 Rf1+ 33. Kb2 Rf2+
34. Kc3 d4+ 35. Nxd4+ 1-0

[Event "Warsaw Chess Open 2022 - A"]
[Site "Warsaw"]
[Date "1899-12-30"]
[Round "2.17"]
[White "Fishchuk, Vladyslav"]
[Black "Choroszej, Aleksander"]
[Result "0-1"]
[WhiteTitle "FM"]
[BlackTitle "k"]
[WhiteElo "2309"]
[BlackElo "2040"]

1. e4 g6 2. d4 Bg7 3. Nf3 d6 4. Be3 Nf6 5. Nc3 O-O 6. Qd2 a6 7. Bh6 b5 8. Bd3 Bxh6
9. Qxh6 e5 10. Ng5 Re8 11. h4 Nbd7 12. h5 Nf8 13. hxg6 fxg6 14. f3 c6 15. dxe5
dxe5 16. O-O-O Qe7 17. Kb1 Ne6 18. Ne2 Ra7 19. Nxe6 Bxe6 20. g4 c5 21. g5 Nd7
22. Nc3 c4 23. Bf1 Nb6 24. Bh3 Bxh3 25. Qxh3 Qxg5 26. Rd6 Nc8 27. Rxa6 Rxa6 28.
Qxh7+ Kf8 29. Nd5 Ne7 30. Qh8+ Ng8 31. a3 Ra7 32. f4 exf4 33. Qd4 Rf7 34. Rh8
Qe5 35. Qc5+ Kg7 36. Rh1 Qxe4 37. Rd1 f3 38. Nc3 Qe5 39. Rd5 Qe1+ 40. Ka2 f2 41.
Qd4+ Nf6 0-1

[Event "Warsaw Chess Open 2022 - A"]
[Site "Warsaw"]
[Date "1899-12-30"]
[Round "2.18"]
[White "Jaskolka, Tomasz"]
[Black "Darda-braver, Roman"]
[Result "1-0"]
[WhiteTitle "CM"]
[BlackTitle ""]
[WhiteElo "2194"]
[BlackElo "1963"]

1. d4 f5 2. Bg5 g6 3. Nc3 Bg7 4. e4 d6 5. Nf3 Nf6 6. Bd3 fxe4 7. Nxe4 Nxe4 8. Bxe4
d5 9. Bd3 c5 10. c3 Nc6 11. dxc5 Qa5 12. Be3 e5 13. Bc2 d4 14. Bd2 Qxc5 15. Ng5
Qd6 16. Bb3 Nd8 17. Ne4 Qa6 18. cxd4 exd4 19. Bc4 Qb6 20. Qe2 Ne6 21. Ng5 Ke7
22. O-O d3 23. Qe4 Qd4 24. Rae1 Qxe4 25. Rxe4 Bh6 26. Bb4+ Kf6 27. Nxe6 Kf5 28.
f3 b5 29. Bc3 g5 30. g4+ Kg6 31. Bxd3 1-0

[Event "Warsaw Chess Open 2022 - A"]
[Site "Warsaw"]
[Date "1899-12-30"]
[Round "2.19"]
[White "Yasmo, Daniil"]
[Black "Zysko, Jan"]
[Result "1/2-1/2"]
[WhiteTitle ""]
[BlackTitle "k"]
[WhiteElo "1680"]
[BlackElo "2138"]

1. e4 g6 2. d4 Bg7 3. Nc3 d6 4. Nf3 Nf6 5. Be3 a6 6. Qd2 b5 7. Bd3 Bb7 8. a3 Nbd7
9. e5 Ng4 10. e6 fxe6 11. Ng5 Nf8 12. O-O Qd7 13. h3 Nf6 14. Nge4 e5 15. Bh6 Ne6
16. Bxg7 Nxg7 17. dxe5 Nxe4 18. Bxe4 Bxe4 19. Nxe4 O-O 20. Rfe1 Qf5 21. Ng3 Qf4
22. Qxf4 Rxf4 23. exd6 exd6 24. Re7 Rf7 25. Rae1 Kf8 26. R7e2 Re8 27. f3 Rfe7
28. Kf2 d5 29. Rxe7 Rxe7 30. Rxe7 Kxe7 31. Ke3 Kd6 32. c3 a5 33. f4 c5 34. Ne2
Nf5+ 35. Kd3 Ke6 36. b4 axb4 37. axb4 c4+ 38. Kd2 h5 39. g4 hxg4 40. hxg4 Nd6
41. Nd4+ Kf6 42. g5+ 1/2-1/2